| 000 | 00609nam a2200181 a 4500 | ||
|---|---|---|---|
| 001 | 000019361 | ||
| 005 | 20200929170008.0 | ||
| 008 | 100626s1997 ve ac 000 p spa d | ||
| 040 |
_aDO-SdBNP _bspa _cBNPHU |
||
| 082 |
_a861.44 _bG216 |
||
| 100 | 1 |
_aGarcía Mackle, Miguel _941600 |
|
| 245 | 1 | 3 |
_aEl canto de Adán / _cMiguel García Mackle ; prólogo Mario Torrealba Lossi. |
| 250 | _a5a ed. | ||
| 260 |
_aCaracas : _bCírculo de Escritores de Venezuela, _c1997. |
||
| 300 |
_a56 p. : _bil. retrs. ; _c23 cm. |
||
| 650 | 4 |
_aCanto _xHistoria y crítica _941601 |
|
| 700 | 1 |
_aTorrealba Lossi, Mario, _epról. _941602 |
|
| 999 |
_c18878 _d18878 |
||